Welcome to the Holygrace Academy Library

Please use search bar below to get started

SCENE OF THE CRIME (Record no. 6207)

MARC details
000 -LEADER
fixed length control field 00566nam a22001337a 4500
020 ## - INTERNATIONAL STANDARD BOOK NUMBER
ISBN 0-590-56872-8
082 ## - DEWEY DECIMAL CLASSIFICATION NUMBER
Classification number 823
Item number MIL/S
100 ## - MAIN ENTRY--AUTHOR NAME
Personal name MILLER, MARVIN
245 ## - TITLE STATEMENT
Title SCENE OF THE CRIME
260 ## - PUBLICATION, DISTRIBUTION, ETC. (IMPRINT)
Place of publication USA
Name of publisher SCHOLASTIC INC
Year of publication 1996
300 ## - PHYSICAL DESCRIPTION
Number of Pages 86
520 ## - SUMMARY, ETC.
Summary, etc A young man about to get married earns extra cash by driving a local mobster, but things go awry when the mobster is killed by a rival crime boss. A young man about to get married earns extra cash by driving a local mobster, but things go awry when the mobster is killed by a rival crime boss.
942 ## - ADDED ENTRY ELEMENTS (KOHA)
Koha item type Books
Holdings
Withdrawn status Lost status Collection code Home library Current library Shelving location Date acquired Source of acquisition Full call number Accession Number Koha item type
    Fiction Main Library Main Library SHELF 15-K-CHILDREN'S STORYBOOKS 06/03/2012 Purchase 823 MIL/S 06287 Books